Geography Quiz - Easy - Statistics

General Stats
  • This quiz has been taken 86 times
  • The average score is 14 of 17
Answer Stats
Hint Answer % Correct
What is the most populated continent? Asia
96%
What country has the Pyramids of Giza? Egypt
96%
Capital of Russia Moscow
96%
What is the largest ocean in the world? Pacific
94%
If you were in the city of Buenos Aires, what country are you in? Argentina
91%
Ecuador gets its name for being near the ______. Equator
91%
"Going Dutch" is a phrase. Dutch people are supposedly from what country? Netherlands
90%
What is the official language of Portugal? Portuguese
90%
Jack the Ripper was a serial killer from what country? United Kingdom
87%
In 2021, Taliban forces took control over what country? Afghanistan
84%
Tasmania is a part of what country? Australia
84%
Genghis Khan was the emperor of the Mongol Empire. Today, Mongolia borders Russia and _____ China
79%
The Leaning Tower of Pisa is in what city? Pisa
79%
Lagos is a city in what West African country? Nigeria
77%
What country created the concept of democracy? Greece
64%
What does GDP stand for? Gross Domestic Product
51%
The Great Pacific Garbage patch is almost twice the size of what state? Texas
50%
No matching quizzes found
Score Distribution
Percent of People with Each Score
Percentile by Number Answered
Your Score History
You have not taken this quiz